<?xml version="1.0" encoding="UTF-8"?>
<record
    xmlns:xsi="http://www.w3.org/2001/XMLSchema-instance"
    xsi:schemaLocation="http://www.loc.gov/MARC21/slim http://www.loc.gov/standards/marcxml/schema/MARC21slim.xsd"
    xmlns="http://www.loc.gov/MARC21/slim">

  <leader>00954nam a22002417a 4500</leader>
  <datafield tag="999" ind1=" " ind2=" ">
    <subfield code="c">64051</subfield>
    <subfield code="d">64051</subfield>
  </datafield>
  <controlfield tag="005">20240530110712.0</controlfield>
  <controlfield tag="008">180211s2016    ua fh  g      000 0 ara d</controlfield>
  <datafield tag="017" ind1=" " ind2=" ">
    <subfield code="a">2016/3073</subfield>
    <subfield code="b">&#x645;&#x635;&#x631;. &#x62F;&#x627;&#x631; &#x627;&#x644;&#x643;&#x62A;&#x628;</subfield>
  </datafield>
  <datafield tag="040" ind1=" " ind2=" ">
    <subfield code="a">EG-CaGPL</subfield>
    <subfield code="c">EG-CaGPL</subfield>
  </datafield>
  <datafield tag="082" ind1="0" ind2="4">
    <subfield code="2">21</subfield>
    <subfield code="a">155.413 /</subfield>
    <subfield code="b">&#x645; &#x631;</subfield>
  </datafield>
  <datafield tag="100" ind1="0" ind2=" ">
    <subfield code="a">&#x645;&#x62D;&#x645;&#x62F; &#x645;&#x62E;&#x62A;&#x627;&#x631; &#x635;&#x627;&#x644;&#x62D;</subfield>
  </datafield>
  <datafield tag="245" ind1="1" ind2="0">
    <subfield code="a">&#x631;&#x633;&#x648;&#x645;&#x627;&#x62A; &#x627;&#x644;&#x627;&#x637;&#x641;&#x627;&#x644; :</subfield>
    <subfield code="b">&#x631;&#x633;&#x627;&#x626;&#x644; &#x64A;&#x62C;&#x628; &#x639;&#x644;&#x64A;&#x647;&#x627; &#x644;&#x644;&#x627;&#x637;&#x641;&#x627;&#x644; /</subfield>
    <subfield code="c">&#x62A;&#x627;&#x644;&#x64A;&#x641; &#x645;&#x62D;&#x645;&#x62F; &#x645;&#x62E;&#x62A;&#x627;&#x631; &#x635;&#x627;&#x644;&#x62D;&#x60C; &#x631;&#x64A;&#x647;&#x627;&#x645; &#x631;&#x62C;&#x628; &#x645;&#x62D;&#x645;&#x62F;</subfield>
  </datafield>
  <datafield tag="260" ind1=" " ind2=" ">
    <subfield code="a">&#x627;&#x644;&#x642;&#x627;&#x647;&#x631;&#x629; : </subfield>
    <subfield code="c">2016.</subfield>
    <subfield code="b">[ &#x62F;.&#x646; ]&#x60C;</subfield>
  </datafield>
  <datafield tag="300" ind1=" " ind2=" ">
    <subfield code="a">252 &#x635;. :</subfield>
    <subfield code="b">&#x627;&#x64A;&#x636; &#x61B;</subfield>
    <subfield code="c">24 &#x633;&#x645;.</subfield>
  </datafield>
  <datafield tag="650" ind1="0" ind2="7">
    <subfield code="2">qrmak</subfield>
    <subfield code="a">&#x627;&#x644;&#x627;&#x637;&#x641;&#x627;&#x644;</subfield>
    <subfield code="x">&#x639;&#x644;&#x645; &#x627;&#x644;&#x646;&#x641;&#x633;</subfield>
  </datafield>
  <datafield tag="650" ind1="0" ind2="7">
    <subfield code="2">qrmak</subfield>
    <subfield code="a">&#x639;&#x644;&#x645; &#x627;&#x644;&#x646;&#x641;&#x633; &#x627;&#x644;&#x62A;&#x631;&#x628;&#x648;&#x649;</subfield>
  </datafield>
  <datafield tag="650" ind1="0" ind2="7">
    <subfield code="2">qrmak</subfield>
    <subfield code="a">&#x631;&#x633;&#x648;&#x645; &#x627;&#x644;&#x627;&#x637;&#x641;&#x627;&#x644;</subfield>
  </datafield>
  <datafield tag="650" ind1="0" ind2="7">
    <subfield code="2">qrmak</subfield>
    <subfield code="a">&#x627;&#x644;&#x627;&#x637;&#x641;&#x627;&#x644;</subfield>
    <subfield code="x">&#x62D;&#x642;&#x648;&#x642; &#x645;&#x62F;&#x646;&#x64A;&#x629;</subfield>
  </datafield>
  <datafield tag="651" ind1=" " ind2=" ">
    <subfield code="2">qrmak</subfield>
  </datafield>
  <datafield tag="700" ind1="0" ind2=" ">
    <subfield code="a">&#x631;&#x64A;&#x647;&#x627;&#x645; &#x631;&#x62C;&#x628; &#x645;&#x62D;&#x645;&#x62F;</subfield>
    <subfield code="e">&#x645;&#x624;&#x644;&#x641; &#x645;&#x634;&#x627;&#x631;&#x643;</subfield>
  </datafield>
  <datafield tag="942" ind1=" " ind2=" ">
    <subfield code="2">ddc</subfield>
    <subfield code="c">BK</subfield>
  </datafield>
  <datafield tag="952" ind1=" " ind2=" ">
    <subfield code="0">0</subfield>
    <subfield code="1">0</subfield>
    <subfield code="4">0</subfield>
    <subfield code="7">0</subfield>
    <subfield code="a">CAI</subfield>
    <subfield code="b">CAI</subfield>
    <subfield code="c">MAIN-LIBRARY</subfield>
    <subfield code="d">2018-02-11</subfield>
    <subfield code="l">0</subfield>
    <subfield code="o">155.413 &#x645; &#x631;</subfield>
    <subfield code="p">164181</subfield>
    <subfield code="r">2018-02-11 00:00:00</subfield>
    <subfield code="w">2018-02-11</subfield>
    <subfield code="y">BK</subfield>
  </datafield>
  <datafield tag="952" ind1=" " ind2=" ">
    <subfield code="0">0</subfield>
    <subfield code="1">0</subfield>
    <subfield code="4">0</subfield>
    <subfield code="7">0</subfield>
    <subfield code="a">CAI</subfield>
    <subfield code="b">CAI</subfield>
    <subfield code="c">MAIN-LIBRARY</subfield>
    <subfield code="d">2018-05-06</subfield>
    <subfield code="l">0</subfield>
    <subfield code="o">155.413 / &#x645; &#x631;</subfield>
    <subfield code="p">164660</subfield>
    <subfield code="r">2018-05-06 00:00:00</subfield>
    <subfield code="w">2018-05-06</subfield>
    <subfield code="y">BK</subfield>
  </datafield>
</record>
